000
00316nam a22001217a 4500
008
160428b xxu||||| |||| 00| 0 eng d
020
_a
9781556644313
020
_a
1556644310
041
_a
eng
080
_a
618.2
245
_a
Nursing research
_c
Harriet R. Feldman; Rona F.Lein; Geri LoBiondo Wood;
942
_2
udc
_c
BK
999
_c
1655
_d
1655